[Event "22ème Open de Saint-Affrique"]
[Site "Saint Affrique (12)"]
[Date "2014.07.23"]
[Round "6.67"]
[White "Jackson, Sue"]
[Black "Raynal, Bertille"]
[Result "1-0"]
[WhiteElo "1230"]
[BlackElo "1090"]
[PlyCount "59"]
[EventDate "2014.??.??"]
[Source "Sylvain Rivier"]
[SourceDate "2014.07.26"]

1. d4 d5 2. c4 c6 3. Nc3 Nf6 4. Bg5 Be6 5. Bxf6 exf6 6. e3 Bb4 7. Nge2 O-O 8.
Qb3 a5 9. a3 Bxc3+ 10. Nxc3 b5 11. cxd5 cxd5 12. Bxb5 Bg4 13. Nxd5 h6 14. O-O
Be6 15. e4 Ra7 16. Rac1 Na6 17. Rc6 Ra8 18. Rfc1 Bxd5 19. exd5 f5 20. Bd3 Kh7
21. Bxf5+ Kh8 22. d6 g6 23. Bg4 Kg7 24. d7 Nc7 25. Rxc7 Qxc7 26. Rxc7 f5 27.
d8=Q+ Kh8 28. Qxa8 Rxa8 29. Qf7 Rg8 30. Qh7# 1-0

[Event "22ème Open de Saint-Affrique"]
[Site "Saint Affrique (12)"]
[Date "2014.07.23"]
[Round "6.68"]
[White "Audigier, Robert"]
[Black "Bois D'Enghien, Noumea"]
[Result "0-1"]
[WhiteElo "1298"]
[BlackElo "1240"]
[PlyCount "48"]
[EventDate "2014.??.??"]
[Source "Sylvain Rivier"]
[SourceDate "2014.07.26"]

1. d4 d5 2. c4 c6 3. Nc3 Nf6 4. Nf3 g6 5. Bg5 Bg7 6. e3 h6 7. Bf4 Bg4 8. Be2
O-O 9. O-O Qa5 10. h3 Bxf3 11. Bxf3 Nbd7 12. Qc2 Rfe8 13. e4 e5 14. Be3 dxe4
15. Bxe4 Nxe4 16. Nxe4 exd4 17. Nd6 dxe3 18. Nxe8 Rxe8 19. fxe3 Rxe3 20. Rad1
Qc5 21. Rxd7 Re2+ 22. Kh1 Rxc2 23. Rfxf7 Rc1+ 24. Kh2 Qe5+ 0-1

[Event "22ème Open de Saint-Affrique"]
[Site "Saint Affrique (12)"]
[Date "2014.07.23"]
[Round "6.69"]
[White "Daures, Florian"]
[Black "Raynal, Hortense"]
[Result "1-0"]
[WhiteElo "1160"]
[BlackElo "1050"]
[PlyCount "49"]
[EventDate "2014.??.??"]
[Source "Sylvain Rivier"]
[SourceDate "2014.07.26"]

1. d4 d5 2. Nc3 Nf6 3. Bg5 Bg4 4. Bxf6 exf6 5. h3 Bh5 6. Qd2 Bb4 7. g4 Bg6 8.
Nf3 O-O 9. Nh4 Be4 10. f3 Bxc3 11. Qxc3 Bg6 12. Nxg6 hxg6 13. O-O-O Nc6 14. e4
dxe4 15. fxe4 Nxd4 16. Rxd4 Qe7 17. Kb1 a5 18. h4 a4 19. Rxa4 b6 20. h5 g5 21.
h6 gxh6 22. Rxh6 Qc5 23. Qh3 f5 24. Rh8+ Kg7 25. Qh7+ 1-0

[Event "22ème Open de Saint-Affrique"]
[Site "Saint Affrique (12)"]
[Date "2014.07.24"]
[Round "7.1"]
[White "Milchev, Nikolay"]
[Black "Libiszewski, Fabien"]
[Result "1/2-1/2"]
[WhiteElo "2424"]
[BlackElo "2523"]
[PlyCount "95"]
[EventDate "2014.??.??"]
[Source "Sylvain Rivier"]
[SourceDate "2014.07.26"]

1. Nf3 g6 2. d4 Bg7 3. c4 Nf6 4. Nc3 O-O 5. e4 d6 6. h3 Nbd7 7. Bg5 e5 8. d5 a5
9. g4 Nc5 10. Nd2 c6 11. Qf3 a4 12. Rb1 h6 13. Bh4 Bd7 14. Be2 Qe7 15. Kf1
Nfxe4 16. Bxe7 Nxd2+ 17. Kg2 Nxf3 18. Bxf8 Nh4+ 19. Kg3 Rxf8 20. Kxh4 e4 21.
Kg3 f5 22. gxf5 Bxf5 23. Rbc1 a3 24. b4 Nd3 25. Bxd3 exd3 26. Rhd1 Be5+ 27. f4
Bd4 28. dxc6 bxc6 29. b5 cxb5 30. cxb5 Re8 31. Nd5 Re2 32. Rc4 Bf2+ 33. Kf3
Rxa2 34. b6 Be6 35. Rxd3 Rb2 36. b7 a2 37. Ra4 Bxd5+ 38. Rxd5 Bc5 39. Rxa2 Rxb7
40. Rd3 Kf7 41. Ra8 Rb1 42. Ke4 Re1+ 43. Kf3 Rb1 44. Ra2 Kf6 45. Re2 Kf5 46.
Rd5+ Kf6 47. Rd3 Kf5 48. Rd5+ 1/2-1/2

[Event "22ème Open de Saint-Affrique"]
[Site "Saint Affrique (12)"]
[Date "2014.07.24"]
[Round "7.2"]
[White "Degraeve, Jean-Marc"]
[Black "Benmesbah, Natacha"]
[Result "1-0"]
[WhiteElo "2579"]
[BlackElo "2224"]
[PlyCount "89"]
[EventDate "2014.??.??"]
[Source "Sylvain Rivier"]
[SourceDate "2014.07.26"]

1. e4 c5 2. Nf3 Nc6 3. Bb5 Nf6 4. Bxc6 dxc6 5. d3 Bg4 6. h3 Bxf3 7. Qxf3 Nd7 8.
Nd2 g6 9. h4 h5 10. Nc4 Bg7 11. Qg3 b5 12. Ne3 e5 13. a4 a6 14. Bd2 O-O 15. Qh3
Nf6 16. Qf3 c4 17. Bb4 Re8 18. dxc4 Qd4 19. c3 Qxe4 20. Qxe4 Nxe4 21. axb5 axb5
22. Ke2 Red8 23. Rxa8 Rxa8 24. cxb5 cxb5 25. Rd1 Nf6 26. Rd6 Ra2 27. Nd1 Kh7
28. g3 e4 29. Rb6 Ng4 30. Rxb5 Ne5 31. Rb7 Kg8 32. Bc5 Nd3 33. Ra7 Rxa7 34.
Bxa7 f5 35. f3 Be5 36. fxe4 fxe4 37. Ke3 Bxg3 38. Kxe4 Nc1 39. Bf2 Bxf2 40.
Nxf2 Nb3 41. Kd5 Nd2 42. b4 Kf7 43. b5 Ke7 44. c4 Kd7 45. Nd3 1-0

[Event "22ème Open de Saint-Affrique"]
[Site "Saint Affrique (12)"]
[Date "2014.07.24"]
[Round "7.3"]
[White "Flear, Glenn C"]
[Black "Kukov, Velislav"]
[Result "1-0"]
[WhiteElo "2464"]
[BlackElo "2369"]
[PlyCount "81"]
[EventDate "2014.??.??"]
[Source "Sylvain Rivier"]
[SourceDate "2014.07.26"]

1. d4 f5 2. Nc3 Nf6 3. Bg5 d5 4. e3 e6 5. Nf3 Be7 6. Bd3 c5 7. dxc5 Nc6 8. O-O
O-O 9. Na4 e5 10. Bb5 h6 11. Bxf6 Bxf6 12. c4 Be6 13. cxd5 Bxd5 14. Nc3 Bf7 15.
Qa4 Qe7 16. Bxc6 bxc6 17. Qxc6 Rac8 18. Qd6 Rxc5 19. Qxe7 Bxe7 20. Rfd1 Rb8 21.
Rd2 g5 22. h3 Ra5 23. Rad1 Bf6 24. e4 g4 25. hxg4 fxg4 26. Ne1 Bg5 27. Rc2 Rb4
28. b3 Bg6 29. Rd7 Be8 30. Nd5 Rb8 31. Rdc7 Bg6 32. Rc8+ Rxc8 33. Rxc8+ Kf7 34.
Rc7+ Kf8 35. Nc3 Bd2 36. Nd3 Bxc3 37. Rxc3 Bxe4 38. Nc5 Bc6 39. a4 a6 40. Ne6+
Ke7 41. Rxc6 1-0

[Event "22ème Open de Saint-Affrique"]
[Site "Saint Affrique (12)"]
[Date "2014.07.24"]
[Round "7.4"]
[White "Petrossian, Armen"]
[Black "Karpatchev, Aleksandr"]
[Result "1-0"]
[WhiteElo "2380"]
[BlackElo "2442"]
[PlyCount "151"]
[EventDate "2014.??.??"]
[Source "Sylvain Rivier"]
[SourceDate "2014.07.26"]

1. e4 e5 2. Nf3 Nc6 3. Bb5 a6 4. Ba4 Nf6 5. O-O Be7 6. Bxc6 dxc6 7. Re1 Bc5 8.
h3 O-O 9. c3 Re8 10. d4 exd4 11. cxd4 Be7 12. Nc3 b5 13. a3 c5 14. dxc5 Qxd1
15. Rxd1 Bxc5 16. e5 Nd7 17. Nd5 Ra7 18. b4 Bb6 19. Bb2 h6 20. Rac1 a5 21. Bd4
axb4 22. axb4 Bb7 23. Bxb6 Nxb6 24. Nxc7 Bxf3 25. Nxe8 Bxd1 26. Rxd1 Nc4 27.
Nd6 Nxe5 28. Rd5 Nc6 29. Rxb5 Rd7 30. Nf5 Rd1+ 31. Kh2 Rb1 32. Rb6 Nxb4 33.
Ne7+ Kh7 34. Nd5 Nxd5 35. Rxb1 g5 36. Rb5 Nf6 37. Rb6 Kg7 38. Kg3 Ne4+ 39. Kf3
Nf6 40. Rc6 Kg6 41. Ke3 Kg7 42. Kd4 Ng8 43. g3 Nf6 44. Rd6 Ne8 45. Rd8 Nf6 46.
Kc5 Ng8 47. Ra8 Nf6 48. Rc8 Ng8 49. Kd6 Nf6 50. Rc4 Ne8+ 51. Ke7 Nf6 52. Rd4
Ng8+ 53. Kd6 Kg6 54. f4 Kf5 55. Ra4 Kf6 56. Kd7 Kg7 57. f5 h5 58. g4 hxg4 59.
hxg4 Nf6+ 60. Kd6 Ne8+ 61. Ke5 Nf6 62. Rc4 Nd7+ 63. Kd6 Nf6 64. Rd4 Ne8+ 65.
Ke7 Nf6 66. Kd6 Ne8+ 67. Ke5 Nf6 68. Rb4 Nd7+ 69. Kd5 Nf6+ 70. Kd6 Ne8+ 71. Ke5
Nf6 72. Rd4 Ne8 73. Rd6 Nxd6 74. Kxd6 Kg8 75. Kd7 Kg7 76. Ke7 1-0

[Event "22ème Open de Saint-Affrique"]
[Site "Saint Affrique (12)"]
[Date "2014.07.24"]
[Round "7.5"]
[White "Daurelle, Herve"]
[Black "Roubaud, Alexandre"]
[Result "1-0"]
[WhiteElo "2189"]
[BlackElo "2171"]
[PlyCount "77"]
[EventDate "2014.??.??"]
[Source "Sylvain Rivier"]
[SourceDate "2014.07.26"]

1. e4 e5 2. Nf3 Nc6 3. d4 exd4 4. Bc4 Bc5 5. O-O Nf6 6. e5 d5 7. exf6 dxc4 8.
fxg7 Rg8 9. Bg5 Be7 10. Re1 Be6 11. Bxe7 Kxe7 12. Re4 f5 13. Rh4 Kf7 14. Rxh7
Rxg7 15. Rxg7+ Kxg7 16. Na3 Qd5 17. Qd2 Rg8 18. Re1 a6 19. Qg5+ Kf7 20. Qh5+
Kf6 21. Qh4+ Kg6 22. Qg5+ Kf7 23. Qh5+ Kf6 24. Qh6+ Rg6 25. Qh8+ Kf7 26. Qh7+
Kf6 27. Qh8+ Kf7 28. Qh7+ Kf6 29. h4 Bg8 30. Qh8+ Kf7 31. h5 Rg4 32. Kf1 b5 33.
h6 b4 34. h7 bxa3 35. hxg8=Q+ Rxg8 36. Qh7+ Rg7 37. Ng5+ Kf6 38. Qh6+ Rg6 39.
Qf8+ 1-0

[Event "22ème Open de Saint-Affrique"]
[Site "Saint Affrique (12)"]
[Date "2014.07.24"]
[Round "7.6"]
[White "Mullon, Jean-Baptiste"]
[Black "Cazottes, Guillaume"]
[Result "1-0"]
[WhiteElo "2436"]
[BlackElo "2014"]
[PlyCount "64"]
[EventDate "2014.??.??"]
[Source "Sylvain Rivier"]
[SourceDate "2014.07.26"]

1. e4 c5 2. Nf3 d6 3. d4 cxd4 4. Qxd4 a6 5. Be2 Nc6 6. Qe3 Nf6 7. c4 g6 8. O-O
Bg7 9. h3 O-O 10. Nc3 Bd7 11. Rd1 Qc7 12. Bd2 Rac8 13. Rac1 Qb8 14. Qg5 Be6 15.
Qh4 b5 16. cxb5 axb5 17. Bxb5 Na7 18. a4 Bb3 19. Re1 Nxb5 20. axb5 e5 21. Bg5
Nd7 22. Nd2 Be6 23. Be3 f5 24. exf5 gxf5 25. Bh6 Bxh6 26. Qxh6 Rf6 27. Qh4 Rg6
28. Nf3 Qb7 29. Qe7 Kh8 30. Nh4 Rcg8 31. Nxg6+ Rxg6 32. f3 Qxf3 1-0

[Event "22ème Open de Saint-Affrique"]
[Site "Saint Affrique (12)"]
[Date "2014.07.24"]
[Round "7.7"]
[White "Oganisian, Roman"]
[Black "Herry, Serwan"]
[Result "1-0"]
[WhiteElo "2245"]
[BlackElo "1936"]
[PlyCount "37"]
[EventDate "2014.??.??"]
[Source "Sylvain Rivier"]
[SourceDate "2014.07.26"]

1. e4 e6 2. d4 d5 3. Nc3 Bb4 4. exd5 exd5 5. Bd3 c6 6. Nge2 Bg4 7. Be3 Nd7 8.
Qd2 Ne7 9. Ng3 Qa5 10. f4 g6 11. O-O h5 12. h3 h4 13. hxg4 hxg3 14. Rf3 f5 15.
g5 O-O-O 16. Rxg3 Nb6 17. a3 Kd7 18. Rc1 Nec8 19. axb4 1-0

[Event "22ème Open de Saint-Affrique"]
[Site "Saint Affrique (12)"]
[Date "2014.07.24"]
[Round "7.8"]
[White "Mania, Clement"]
[Black "Grosse, Ludovic"]
[Result "0-1"]
[WhiteElo "2177"]
[BlackElo "1903"]
[PlyCount "72"]
[EventDate "2014.??.??"]
[Source "Sylvain Rivier"]
[SourceDate "2014.07.26"]

1. g3 Nf6 2. Bg2 d5 3. Nf3 g6 4. O-O Bg7 5. d3 O-O 6. Nbd2 c5 7. e4 dxe4 8.
dxe4 Nc6 9. Re1 Qc7 10. c3 Rd8 11. Qc2 e5 12. a4 b6 13. Bf1 Ne8 14. Nc4 Nd6 15.
Ne3 Ne7 16. Rd1 Bb7 17. Nd5 Nxd5 18. exd5 c4 19. a5 b5 20. a6 Bc8 21. Be3 Nf5
22. b3 Nxe3 23. fxe3 Bg4 24. Bg2 cxb3 25. Qd3 b2 26. Rab1 e4 27. Qxe4 Bf5 28.
d6 Qxc3 29. Qd5 Bxb1 30. Ng5 Qxe3+ 31. Kh1 Ba2 32. Qb7 Qxg5 33. Be4 b1=Q 34.
Bxb1 Bxb1 35. Rxb1 Rab8 36. Qf3 Rxd6 0-1

[Event "22ème Open de Saint-Affrique"]
[Site "Saint Affrique (12)"]
[Date "2014.07.24"]
[Round "7.9"]
[White "Billiar-Bourgy, Vincent"]
[Black "Meunier, Clement"]
[Result "0-1"]
[WhiteElo "1959"]
[BlackElo "2132"]
[PlyCount "60"]
[EventDate "2014.??.??"]
[Source "Sylvain Rivier"]
[SourceDate "2014.07.26"]

1. e4 e5 2. Nf3 Nc6 3. Bb5 a6 4. Ba4 Nf6 5. O-O b5 6. Bb3 Bc5 7. c3 d6 8. d4
Bb6 9. Be3 O-O 10. Nbd2 exd4 11. cxd4 Re8 12. h3 Na5 13. Bc2 Bb7 14. e5 dxe5
15. dxe5 Bxe3 16. fxe3 Nd5 17. Qe1 Nc6 18. Qg3 h6 19. Rae1 Qe7 20. Qf2 Rf8 21.
e6 fxe6 22. Qg3 Nf6 23. Nd4 Nxd4 24. exd4 c5 25. Qe5 Bd5 26. Ne4 Nd7 27. Rxf8+
Rxf8 28. Qc7 cxd4 29. Nd6 Qh4 30. Re2 d3 0-1

[Event "22ème Open de Saint-Affrique"]
[Site "Saint Affrique (12)"]
[Date "2014.07.24"]
[Round "7.10"]
[White "Vignette, Jeanne"]
[Black "Julian, Stephane"]
[Result "0-1"]
[WhiteElo "1758"]
[BlackElo "2050"]
[PlyCount "38"]
[EventDate "2014.??.??"]
[Source "Sylvain Rivier"]
[SourceDate "2014.07.26"]

1. e4 c5 2. Nf3 d6 3. d4 cxd4 4. Nxd4 Nf6 5. Nc3 a6 6. Be2 e5 7. Nb3 Be7 8. O-O
O-O 9. Be3 Be6 10. a4 Nc6 11. Qd2 Nb4 12. a5 d5 13. Bb6 Qc8 14. exd5 Nfxd5 15.
Na4 Qxc2 16. Qxc2 Nxc2 17. Rac1 Nf4 18. Bd1 Bxb3 19. Bxc2 Ne2+ 0-1

[Event "22ème Open de Saint-Affrique"]
[Site "Saint Affrique (12)"]
[Date "2014.07.24"]
[Round "7.11"]
[White "Penalver, Marion"]
[Black "Sanchez, Nicolas"]
[Result "0-1"]
[WhiteElo "1901"]
[BlackElo "2178"]
[PlyCount "62"]
[EventDate "2014.??.??"]
[Source "Sylvain Rivier"]
[SourceDate "2014.07.26"]

1. e4 c5 2. Nf3 Nc6 3. d4 cxd4 4. Nxd4 g6 5. Nc3 Bg7 6. Be3 Nf6 7. Bc4 O-O 8.
Bb3 a5 9. f3 d5 10. Nxd5 Nxd5 11. exd5 Nb4 12. c3 Nxd5 13. Bf2 a4 14. Bxd5 Qxd5
15. O-O e5 16. Nc2 Qb5 17. Nb4 Be6 18. Re1 Rfd8 19. Qe2 Qxe2 20. Rxe2 a3 21. b3
e4 22. Rxe4 Bxc3 23. Rc1 Bd2 24. Ra1 Bf5 25. Rc4 b5 26. Nc6 bxc4 27. Nxd8 cxb3
28. axb3 Bc3 29. Ra2 Rxd8 30. g4 Bb2 31. Bc5 Bb1 0-1

[Event "22ème Open de Saint-Affrique"]
[Site "Saint Affrique (12)"]
[Date "2014.07.24"]
[Round "7.12"]
[White "Navarro, Robin"]
[Black "Carre, Sylvain"]
[Result "1-0"]
[WhiteElo "1906"]
[BlackElo "2172"]
[PlyCount "49"]
[EventDate "2014.??.??"]
[Source "Sylvain Rivier"]
[SourceDate "2014.07.26"]

1. d4 d5 2. Bf4 Nf6 3. e3 g6 4. Nf3 Bg7 5. c3 O-O 6. h4 h5 7. Be2 Nbd7 8. Ng5
Re8 9. Be5 Nxe5 10. dxe5 Ne4 11. f4 Ng3 12. e6 Bxe6 13. Nxe6 fxe6 14. Rh3 Nxe2
15. Qxe2 Qd7 16. Rg3 e5 17. fxe5 Bxe5 18. Rxg6+ Bg7 19. Qxh5 e5 20. Nd2 Rf8 21.
Nf3 Qf5 22. Qh6 Rf7 23. O-O-O Kf8 24. Qh7 d4 25. Ng5 1-0

[Event "22ème Open de Saint-Affrique"]
[Site "Saint Affrique (12)"]
[Date "2014.07.24"]
[Round "7.13"]
[White "Van Lerberghe, Luc"]
[Black "Youssoupov, Moisse"]
[Result "1/2-1/2"]
[WhiteElo "1830"]
[BlackElo "2169"]
[PlyCount "63"]
[EventDate "2014.??.??"]
[Source "Sylvain Rivier"]
[SourceDate "2014.07.26"]

1. e4 d5 2. exd5 Qxd5 3. Nc3 Qa5 4. d4 Nf6 5. Bd2 Bg4 6. Nf3 Nbd7 7. Bc4 O-O-O
8. h3 Qh5 9. Bxf7 Qxf7 10. hxg4 Nxg4 11. Qe2 e5 12. O-O-O exd4 13. Nxd4 Nde5
14. Bg5 Bb4 15. Ne4 Qxa2 16. c3 Rxd4 17. Rxd4 Ba3 18. Rxh7 Re8 19. Qc2 Nc6 20.
Rd1 Na5 21. Qb1 Qg8 22. bxa3 Ne5 23. Nc5 Qf8 24. Qb4 Qxc5 25. Qxc5 Nb3+ 26. Kc2
Nxc5 27. Rd5 b6 28. Rxg7 Nc4 29. Rdd7 Nxa3+ 30. Kd1 Rh8 31. Be3 Rh1+ 32. Kd2
1/2-1/2

[Event "22ème Open de Saint-Affrique"]
[Site "Saint Affrique (12)"]
[Date "2014.07.24"]
[Round "7.14"]
[White "Dussol, Pierre"]
[Black "Arcusa, Michel"]
[Result "1-0"]
[WhiteElo "2156"]
[BlackElo "1865"]
[PlyCount "135"]
[EventDate "2014.??.??"]
[Source "Sylvain Rivier"]
[SourceDate "2014.07.26"]

1. d4 d6 2. e4 Nf6 3. Nc3 e5 4. Bg5 Be7 5. dxe5 dxe5 6. Qxd8+ Bxd8 7. Nf3 Nbd7
8. O-O-O c6 9. a4 Ng4 10. Bxd8 Kxd8 11. Rd2 Ke7 12. Bc4 f6 13. Rhd1 Nh6 14. Rd6
Nb6 15. Bb3 Nf7 16. R6d3 Nh6 17. a5 Nd7 18. Rd6 Nc5 19. Ba2 Nf7 20. Bxf7 Kxf7
21. h3 Ke7 22. R6d2 Ne6 23. a6 b6 24. b4 Bxa6 25. Rd7+ Ke8 26. R7d6 Nd8 27. Nh4
Rf8 28. Nf5 Rf7 29. g3 Rc7 30. f4 exf4 31. gxf4 Nb7 32. R6d2 g6 33. Ne3 Rd8 34.
Ng4 Rxd2 35. Rxd2 Kf7 36. e5 f5 37. Nf6 h6 38. h4 h5 39. Nh7 Bc4 40. Rd4 b5 41.
Nd1 c5 42. bxc5 Nxc5 43. Ng5+ Ke7 44. Rd6 Ne6 45. Nxe6 Bxe6 46. Ra6 Kf7 47. Ne3
b4 48. Kd2 Rd7+ 49. Ke2 Rc7 50. Kf3 Bc8 51. Ra4 Rb7 52. Nc4 Kf8 53. Nd6 Rc7 54.
Rxb4 Be6 55. c4 a5 56. Ra4 Ra7 57. Ke3 Bd7 58. Nb5 Bxb5 59. cxb5 Ke7 60. Kd4
Kd7 61. b6 Ra8 62. Kc5 Rc8+ 63. Kb5 Rc1 64. Ka6 Kc6 65. b7 Rb1 66. Rc4+ Kd5 67.
Rc8 g5 68. hxg5 1-0

[Event "22ème Open de Saint-Affrique"]
[Site "Saint Affrique (12)"]
[Date "2014.07.24"]
[Round "7.15"]
[White "Duff, Rufus"]
[Black "Clair, Michael"]
[Result "1/2-1/2"]
[WhiteElo "2113"]
[BlackElo "1806"]
[PlyCount "56"]
[EventDate "2014.??.??"]
[Source "Sylvain Rivier"]
[SourceDate "2014.07.26"]

1. e4 e6 2. d4 d5 3. Nd2 dxe4 4. Nxe4 Nd7 5. Nf3 Ngf6 6. Nxf6+ gxf6 7. g3 b6 8.
Bg2 Bb7 9. O-O Be7 10. c4 Nf8 11. Re1 Qd7 12. Qe2 O-O-O 13. d5 e5 14. Qf1 Kb8
15. Bh3 Qe8 16. Nh4 Bc8 17. Bxc8 Rxc8 18. Nf5 Bc5 19. a3 Ng6 20. b4 Bf8 21. Be3
Qd7 22. Qd3 Re8 23. Bd2 h5 24. Qe4 h4 25. g4 Ne7 26. h3 Nxf5 27. gxf5 Bh6 28.
Be3 Bxe3 1/2-1/2

[Event "22ème Open de Saint-Affrique"]
[Site "Saint Affrique (12)"]
[Date "2014.07.24"]
[Round "7.16"]
[White "Ringuet, Noe"]
[Black "Coquelle, Arnaud"]
[Result "1/2-1/2"]
[WhiteElo "2070"]
[BlackElo "1760"]
[PlyCount "46"]
[EventDate "2014.??.??"]
[Source "Sylvain Rivier"]
[SourceDate "2014.07.26"]

1. d4 c6 2. Nc3 d5 3. Bf4 Nf6 4. Qd2 Bf5 5. f3 h6 6. h4 e6 7. g4 Bg6 8. O-O-O
Bd6 9. Nh3 Qc7 10. Bxd6 Qxd6 11. Nf4 Nbd7 12. Nxg6 fxg6 13. Bh3 O-O-O 14. e4
Nh7 15. g5 Nhf8 16. Ne2 Kb8 17. e5 Qe7 18. Nf4 Qf7 19. Kb1 hxg5 20. hxg5 Rh4
21. Bg4 Rxh1 22. Rxh1 c5 23. Rh8 Rc8 1/2-1/2

[Event "22ème Open de Saint-Affrique"]
[Site "Saint Affrique (12)"]
[Date "2014.07.24"]
[Round "7.17"]
[White "El Mchaouri Mas, Younes"]
[Black "Bizeul, Pierre"]
[Result "0-1"]
[WhiteElo "2049"]
[BlackElo "1757"]
[PlyCount "56"]
[EventDate "2014.??.??"]
[Source "Sylvain Rivier"]
[SourceDate "2014.07.26"]

1. e4 e5 2. Nf3 Nc6 3. Bb5 Nge7 4. c3 d5 5. Nxe5 dxe4 6. Nxc6 Nxc6 7. Qa4 Qd5
8. c4 Qe6 9. O-O Qg6 10. Kh1 Bd7 11. Re1 O-O-O 12. Nc3 Bc5 13. Nd5 Kb8 14. d4
exd3 15. Bf4 Rc8 16. b4 Bxf2 17. Rf1 Bd4 18. Rad1 Rhe8 19. c5 Re2 20. Bg3 Qe4
21. Nf4 Bh3 22. Rg1 Bxg1 23. Rxg1 Bxg2+ 24. Nxg2 Nd4 25. c6 bxc6 26. Ba6 Nf3
27. Bxc8 Nxg1 28. Bxc7+ Ka8 0-1

[Event "22ème Open de Saint-Affrique"]
[Site "Saint Affrique (12)"]
[Date "2014.07.24"]
[Round "7.18"]
[White "Riviere, Gerard"]
[Black "Raynal, Francois"]
[Result "1-0"]
[WhiteElo "1791"]
[BlackElo "2008"]
[PlyCount "37"]
[EventDate "2014.??.??"]
[Source "Sylvain Rivier"]
[SourceDate "2014.07.26"]

1. d4 Nf6 2. Nf3 g6 3. g3 Bg7 4. Bg2 c5 5. c4 O-O 6. Nc3 d5 7. cxd5 Nxd5 8. O-O
cxd4 9. Nxd4 Nxc3 10. bxc3 e5 11. Nb5 Nc6 12. Qxd8 Rxd8 13. Bg5 f6 14. Be3 Bf5
15. Rfd1 Na5 16. Bxa7 Rxd1+ 17. Rxd1 Nc6 18. Bc5 Rxa2 19. Bd5+ 1-0

[Event "22ème Open de Saint-Affrique"]
[Site "Saint Affrique (12)"]
[Date "2014.07.24"]
[Round "7.19"]
[White "Del Valle, Julie"]
[Black "Lopez, Andre"]
[Result "1-0"]
[WhiteElo "1530"]
[BlackElo "2003"]
[PlyCount "99"]
[EventDate "2014.??.??"]
[Source "Sylvain Rivier"]
[SourceDate "2014.07.26"]

1. d4 d5 2. c4 c6 3. Nf3 Nf6 4. Bf4 e6 5. e3 Be7 6. Nc3 Nbd7 7. cxd5 exd5 8.
Bd3 Nh5 9. Bg3 Nxg3 10. hxg3 Nf6 11. Qc2 Bd7 12. Ne5 Be6 13. a3 a6 14. b4 h6
15. Na4 Ng4 16. Nxg4 Bxg4 17. Nc5 Qc8 18. a4 b6 19. Bxa6 Rxa6 20. Nxa6 Qxa6 21.
Rb1 O-O 22. f3 Bd7 23. Kf2 Ra8 24. a5 bxa5 25. bxa5 Qxa5 26. Rb7 Qd8 27. Rhb1
Bd6 28. R1b2 Qc8 29. R7b3 Bf5 30. Qd2 Ra1 31. Ra2 Rxa2 32. Qxa2 Kh7 33. Qa7 Qe8
34. Rb7 Kg6 35. g4 Bd3 36. Rd7 Qe6 37. f4 Qf6 38. g3 Kh7 39. Qa8 Bb5 40. Rd8
Kg6 41. Rh8 Qe7 42. Qg8 Qe4 43. Rh7 Qc2+ 44. Kg1 Qc1+ 45. Kh2 Qd2+ 46. Kh1 Qe1+
47. Kh2 Qf2+ 48. Kh1 Bf8 49. f5+ Kg5 50. Rxg7+ 1-0

[Event "22ème Open de Saint-Affrique"]
[Site "Saint Affrique (12)"]
[Date "2014.07.24"]
[Round "7.20"]
[White "Clement, Olivier"]
[Black "Prieu, Arnaud"]
[Result "0-1"]
[WhiteElo "2051"]
[BlackElo "1572"]
[PlyCount "78"]
[EventDate "2014.??.??"]
[Source "Sylvain Rivier"]
[SourceDate "2014.07.26"]

1. e4 e5 2. Nf3 Nc6 3. Bb5 a6 4. Ba4 Bc5 5. O-O d6 6. h3 b5 7. Bb3 Na5 8. c3
Nxb3 9. axb3 Ne7 10. d4 exd4 11. b4 Bb6 12. Nxd4 Bb7 13. Qg4 Bxd4 14. cxd4 Ng6
15. Bg5 Qd7 16. Qh5 Qe6 17. Nc3 Qb3 18. e5 Qxb2 19. exd6 cxd6 20. Rfe1+ Kf8 21.
Nxb5 h6 22. Qg4 Qxb4 23. Reb1 Qc4 24. Nxd6 Qd5 25. Bc1 Bc6 26. Rb6 Ne7 27. Ba3
Kg8 28. Re1 h5 29. Qg3 Rh6 30. Rxe7 Rg6 31. Re5 Qxd4 32. Qe3 Rxg2+ 33. Kf1 Qd1+
34. Qe1 Qd3+ 35. Qe2 Qxh3 36. Ke1 Qc3+ 37. Kf1 Rh2 38. Rxc6 Rh1+ 39. Kg2 Qh3#
0-1

[Event "22ème Open de Saint-Affrique"]
[Site "Saint Affrique (12)"]
[Date "2014.07.24"]
[Round "7.21"]
[White "Robic, Damien"]
[Black "Noireaut, Hung"]
[Result "1/2-1/2"]
[WhiteElo "1663"]
[BlackElo "2007"]
[PlyCount "84"]
[EventDate "2014.??.??"]
[Source "Sylvain Rivier"]
[SourceDate "2014.07.26"]

1. e4 Nf6 2. e5 Nd5 3. c4 Nb6 4. c5 Nd5 5. Nc3 c6 6. Nxd5 cxd5 7. Qb3 d4 8. Nf3
Nc6 9. Bb5 e6 10. Qc4 Qc7 11. Bxc6 Qxc6 12. O-O Qxc5 13. Qxd4 Qxd4 14. Nxd4 d5
15. Nb5 Kd8 16. d4 Bd7 17. Bg5+ Be7 18. Bxe7+ Kxe7 19. Nd6 f6 20. f4 a5 21.
Rac1 Bc6 22. Nxb7 Kd7 23. Nc5+ Ke7 24. Nxe6 Bb5 25. Nc7 Bxf1 26. Nxa8 Bc4 27.
b3 Bxb3 28. axb3 Rxa8 29. Rc7+ Ke6 30. g4 fxe5 31. dxe5 Rb8 32. Rc6+ Ke7 33.
Rd6 Rxb3 34. Rxd5 Rb4 35. Rxa5 Rxf4 36. h3 h5 37. gxh5 Rh4 38. Kg2 Rxh5 39. Kg3
g5 40. Kg4 Rh4+ 41. Kxg5 Rxh3 42. Ra6 Rf3 1/2-1/2

[Event "22ème Open de Saint-Affrique"]
[Site "Saint Affrique (12)"]
[Date "2014.07.24"]
[Round "7.22"]
[White "Husson, Cybele"]
[Black "Degraeve, Remy"]
[Result "1-0"]
[WhiteElo "1919"]
[BlackElo "1537"]
[PlyCount "73"]
[EventDate "2014.??.??"]
[Source "Sylvain Rivier"]
[SourceDate "2014.07.26"]

1. e4 e5 2. Nf3 Nc6 3. d4 exd4 4. Nxd4 Qh4 5. Be3 Nxd4 6. Qxd4 b6 7. Bc4 Nf6 8.
Nd2 Bb7 9. Qe5+ Be7 10. O-O Nxe4 11. Bd5 Nd6 12. Bxb7 Nxb7 13. Nf3 Qa4 14. Qxg7
O-O-O 15. Qxf7 Bb4 16. Qb3 Qa5 17. a3 Be7 18. Rfe1 Rhg8 19. g3 Rg6 20. Bf4 Bf6
21. Qc4 Nc5 22. Re3 d5 23. Qb4 Qa6 24. Be5 Be7 25. Qf4 Ne6 26. Qf5 Kb7 27. Bxc7
Rf8 28. Qxd5+ Kxc7 29. Qd7+ Kb8 30. Qxe7 Qc8 31. Qd6+ Ka8 32. Qd5+ Kb8 33. Ne5
Rg5 34. Nd7+ Kc7 35. Qd6+ Kb7 36. Nxf8 Rc5 37. Qd7+ 1-0

[Event "22ème Open de Saint-Affrique"]
[Site "Saint Affrique (12)"]
[Date "2014.07.24"]
[Round "7.23"]
[White "Zachary, Matheo"]
[Black "Bouguerra, Tayeb"]
[Result "1/2-1/2"]
[WhiteElo "1701"]
[BlackElo "1906"]
[PlyCount "95"]
[EventDate "2014.??.??"]
[Source "Sylvain Rivier"]
[SourceDate "2014.07.26"]

1. e4 d6 2. d4 Nf6 3. Nc3 c6 4. g3 Qb6 5. Bg2 e5 6. Nge2 Be7 7. O-O O-O 8. h3
Nbd7 9. Rb1 Re8 10. Be3 Qc7 11. g4 Nb6 12. b3 g6 13. f4 Nbd7 14. Ng3 Rf8 15. f5
exd4 16. Bxd4 d5 17. Qf3 Ne5 18. Qf4 Bd6 19. Qh6 c5 20. Bxe5 Bxe5 21. Nge2 d4
22. Nd5 Nxd5 23. exd5 Bg7 24. Qh4 Re8 25. Rbe1 Bd7 26. Nc1 Bb5 27. Rxe8+ Rxe8
28. Re1 Qf4 29. Nd3 Rxe1+ 30. Qxe1 Bxd3 31. cxd3 gxf5 32. gxf5 Kf8 33. Qe4 Qg3
34. d6 Qxd6 35. Qxb7 Bh6 36. Qe4 Be3+ 37. Kf1 Qg3 38. Qf3 Qh2 39. f6 Qb8 40.
Qg4 Qf4+ 41. Qxf4 Bxf4 42. Be4 h6 43. Kg2 Bg5 44. Kf3 Bxf6 45. a4 Bg5 46. Bd5
Ke7 47. Bb7 f5 48. Bc8 {suite illisible} 1/2-1/2